000 00524nam a2200181 4500
003 SEACOMMC
005 20250417143442.0
008 240925b |||||||| |||| 00| 0 eng d
020 _a978-93-8628-602-4
_cRs.235.00
040 _aSEACOMMC
082 _a658.404
_bN 147
100 _aNagarajan, K
245 1 _aProject Management
_cK Nagarajan
250 _a3rd ed.
260 _aNew Delhi
_bNew Age International
_c2015
650 _a Project Organization Project Management Risk Analysis Project Financing
942 _cBOOK
999 _c597
_d597